000 00525cam a22001931 4500
001 ne 62000302
003 DLC
005 20260227111734.0
008 931006s1933 tu 000 0 tur
010 _ane 62000302
035 _a(OCoLC)28949963
040 _aDLC
_cCU
_dDLC
050 0 0 _aDR590
_b.A68
100 1 _aAğaoğlu, Ahmet,
_d1869-1939.
245 1 0 _aDevlet ve fert.
260 _aİstanbul,
_bSanayiinefise Matbaası,
_c1933.
300 _a141 p.
_c21 cm.
651 0 _aTurkey
_xPolitics and government
_y1918-1960.
999 _c45035
_d45035